|
|
|
|
| LEADER |
00000nam a2200000 a 4500 |
| 001 |
vtls001174938 |
| 003 |
SK-MaSNL |
| 005 |
20260301151649.0 |
| 008 |
240315s1979 CA g 0 slo |
| 015 |
|
|
|a ZS1993/0000092
|
| 035 |
|
|
|a SNK000117932
|
| 040 |
|
|
|a SNK
|b slo
|c SNK
|e AACR2
|
| 044 |
|
|
|a CA
|
| 080 |
|
|
|a 885.4-1
|2 1981
|
| 100 |
1 |
|
|a Dilong, Rudolf,
|d 1905-1986
|4 aut
|9 114496
|
| 245 |
1 |
|
|a Poď, nasleduj ma!
|c Rudolf Dilong
|
| 250 |
|
|
|a 1. vyd.
|
| 260 |
|
|
|a Cambridge
|b Priatelia dobrej knihy
|c 1979
|e Cambridge
|f Dobrá kniha
|
| 300 |
|
|
|a 45 s.
|c 21,5 cm
|
| 500 |
|
|
|a Venovanie aut.
|
| 650 |
0 |
7 |
|a literatúra slovenská
|x básne meditatívne
|2 SNK
|9 288414
|
| 650 |
0 |
7 |
|a meditatívne básne, slovenské
|2 SNK
|9 28788
|
| 958 |
|
|
|a LX
|
| 958 |
|
|
|a ZS
|
| 958 |
|
|
|a TL
|
| 958 |
|
|
|a AUL
|
| 958 |
|
|
|a OND
|
| 999 |
|
|
|c 787255
|d 789185
|
| 952 |
|
|
|t P60, <03>, [BOOK], {603}
|a SNK
|b SNK
|y PREZ
|7 0
|o snkSC 83420
|i snkV 1273/93
|0 0
|1 0
|4 0
|d 1997-09-26
|l 0
|r 2005-01-01 00:00:00
|w 2026-02-24
|
| 952 |
|
|
|a SNK
|b SNK
|y PREZ
|7 0
|p 17A1009648
|o snkSC 83420
|0 0
|1 0
|4 0
|d 2012-08-16
|l 0
|r 2025-08-21 00:00:00
|w 2026-02-24
|
| 952 |
|
|
|t P60, <04>, [BOOK], {604}
|a SNK
|b SNK
|y VYP
|7 0
|p 17A0092991
|o snkSC 83420 D1
|i snkV 2358/97
|0 0
|1 0
|4 0
|d 1997-09-26
|l 0
|r 2005-01-01 00:00:00
|w 2026-02-24
|